Catalogue of the collection of miniatures, the property of J. Pierpont Morgan / (Record no. 142095)
[ view plain ]
| 000 -LEADER | |
|---|---|
| campo de control de longitud fija | 00729nam a2200205 i 4500 |
| 001 - NÚMERO DE CONTROL | |
| campo de control | 142095 |
| 003 - IDENTIFICADOR DE NÚMERO DE CONTROL | |
| campo de control | ES-MaACL |
| 005 - FECHA Y HORA DE LA ÚLTIMA TRANSACCIÓN | |
| campo de control | 20230906200437.0 |
| 007 - CAMPO FIJO DE DESCRIPCIÓN FÍSICA--INFORMACIÓN GENERAL | |
| campo de control de longitud fija | t| |
| 008 - DATOS DE LONGITUD FIJA--INFORMACIÓN GENERAL | |
| campo de control de longitud fija | 071002m19061908xxkaf |||| | eng d |
| 100 1# - ENTRADA PRINCIPAL--NOMBRE DE PERSONA | |
| Nombre de persona | Williamson, George C. |
| 9 (RLIN) | 116968 |
| 245 10 - MENCIÓN DEL TÍTULO | |
| Título | Catalogue of the collection of miniatures, the property of J. Pierpont Morgan / |
| Mención de responsabilidad, etc. | compiled at his request by G.C. Williamson. |
| 250 ## - MENCION DE EDICION | |
| Mención de edición | Edición de 150 ejemplares. |
| 260 ## - PUBLICACIÓN, DISTRIBUCIÓN, ETC. | |
| Lugar de publicación, distribución, etc. | London : |
| Nombre del editor, distribuidor, etc. | Charles Whittingham, |
| Fecha de publicación, distribución, etc. | 1906-1908. |
| 300 ## - DESCRIPCIÓN FÍSICA | |
| Extensión | 4 v., 264 h. de lám : |
| Otras características físicas | il. ; |
| Dimensiones | 38 cm. |
| 595 ## - | |
| -- | Ejemplar n. 127 de una edición de 150. |
| 600 14 - PUNTO DE ACCESO ADICIONAL DE MATERIA--NOMBRE DE PERSONA | |
| Nombre de persona | Morgan, John Pierpont. |
| 9 (RLIN) | 163785 |
| 650 #4 - PUNTO DE ACCESO ADICIONAL DE MATERIA--TÉRMINO DE MATERIA | |
| Término de materia o nombre geográfico como elemento de entrada | Miniatura- |
| Subdivisión de forma | Catálogos. |
| 9 (RLIN) | 162295 |
| 852 ## - LOCALIZACIÓN | |
| Ubicación | ES-MaACL |
| Número de control de estantería | C-772-75 |
| Estatus retirado | Estado de pérdida | Estado de daño | No para préstamo | Biblioteca de origen | Biblioteca actual | Ubicación en estantería | Fecha de adquisición | Fuente de adquisición | Total de préstamos | Signatura topográfica completa | Código de barras | Visto por última vez | Precio de reemplazo | Tipo de ítem Koha |
|---|---|---|---|---|---|---|---|---|---|---|---|---|---|---|
| Biblioteca del Ateneo de Madrid | Biblioteca del Ateneo de Madrid | Sala Palomar | 17/01/2008 | C-772-75 | 1147849 | 23/02/2023 | 23/02/2023 | Libro impreso |
